|
|
|
|
| LEADER |
01609nam a2200349 a 4500 |
| 001 |
c000160746 |
| 003 |
CARM |
| 005 |
20011023172742.0 |
| 008 |
830719s1983 at b f000 0 eng d |
| 019 |
1 |
|
|a 2740897
|z 41371302
|z 24555516
|z 48932552
|5 LACONCORD2021
|
| 020 |
|
|
|a 0644026812
|b :
|c price unknown
|
| 020 |
|
|
|a 0644026812
|b :
|c $2.95
|
| 024 |
8 |
|
|a 8309861
|
| 035 |
|
|
|a (OCoLC)27499680
|5 LACONCORD2021
|
| 040 |
|
|
|a ANB
|b eng
|c ANB
|d ANL
|
| 042 |
|
|
|a anuc
|
| 082 |
0 |
4 |
|a 016.3337/07
|
| 245 |
0 |
0 |
|a Australian environmental education resource guide /
|c prepared by the Commonwealth Department of Home Affairs and Environment in consultation with the AEC Environmental Education and Information Committee.
|
| 260 |
|
|
|a Canberra :
|b Australian Government Publishing Service,
|c 1983.
|
| 300 |
|
|
|a iv, 36 p. ;
|c 25 cm.
|
| 440 |
|
0 |
|a AEC report ;
|v no. 10.
|
| 500 |
|
|
|a Education. Curriculum subjects: Environment. Bibliographies (ANB/PRECIS SIN 0686638)
|
| 500 |
|
|
|a At head of title: Australian Environment Council.
|
| 500 |
|
|
|a Australian Government Publishing Service cat. no. 8309861.
|
| 505 |
0 |
|
|a 36p.
|
| 650 |
|
0 |
|a Environmental education
|x Bibliography.
|
| 650 |
|
4 |
|a Environmental protection.
|
| 710 |
1 |
|
|a Australia.
|b Dept. of Home Affairs and Environment
|
| 710 |
2 |
|
|a Australian Environment Council.
|b Environmental Education and Information Committee.
|
| 852 |
8 |
|
|b CARM
|h A2:AL23E0
|i C05299
|p 0211767
|f BK
|
| 999 |
f |
f |
|i 35662b50-bb59-5b79-affb-fe084653cf0a
|s 6b2c9691-28e0-5cc9-a02d-8202d35bb041
|
| 952 |
f |
f |
|p Can circulate
|a CAVAL
|b CAVAL
|c CAVAL
|d CARM 1 Store
|e C05299
|f A2:AL23E0
|h Other scheme
|i book
|m 0211767
|